El catecismo en verso.

Gespeichert in:
Bibliographische Detailangaben
1. Verfasser: AMPGESVD
Format: keine Angabe
Sprache:Spanisch
Katalog:MANES:  Suchergebnis im Bibliothekskatalog
Schulbuchspezifische Eigenschaften:
Tags: Tag hinzufügen
Keine Tags, Fügen Sie den ersten Tag hinzu!
Hinzugefügt zu:26.04.2016
Geändert in:07.05.2025

MARC

LEADER 000000000a22000000004500
001 07671
003 OSt
005 20250507133320.0
008 160427s sp ||||| |||| 00| 0 spa d
040 |c centro_manes 
041 1 |a spa 
561 |5 es-CICE  |a España. Centro Internacional de la Cultura Escolar  |k MANES 
691 0 |a PRI 
100 1 |a AMPGESVD  |9 3972 
245 0 0 |a El catecismo en verso. 
300 |a 50 p.  |c 15,5 x 10,5 cm 
690 0 |a RyM 
942 |2 ddc  |c BK 
546 |a España 
999 |c 13645  |d 13645 
999 |c manes:13645  |d 13645